| 000 | 00563nam a2200217Ia 4500 | ||
|---|---|---|---|
| 999 |
_c36917 _d36917 |
||
| 001 | 2868 | ||
| 003 | GE_BSU | ||
| 005 | 20190612142655.0 | ||
| 008 | 181216s||||||||pl |||||||||||||| ||pol|| | ||
| 020 | _a9788362505128 | ||
| 040 | _cGE_BSU | ||
| 041 | _apol | ||
| 080 | _a33(174) E-25 | ||
| 245 |
_aEdukacja i gospodarka / _cRED.TADEUSZ OKRASA. |
||
| 250 | _aZeszyt 6 | ||
| 264 |
_aWarszawa, _c2011. |
||
| 300 |
_a359 p. ; _b24 cm. |
||
| 653 | _aეკონომიკა | ||
| 700 |
_aOKRASA, TADEUSZ _eრედაქტორი _92444 |
||
| 942 |
_cBK _2udc |
||